Estadísticas para Prueba de Los Simpson

Haz click aquí para intentar la prueba.

Estadísticas generales

  • Esta prueba ha sido intentada 152 veces
  • La puntuación promedio es 11 de 16

Estadísticas de respuestas

PreguntaRespuesta% Correcto
¿Qué instrumento toca Lisa?Saxofón
97%
¿Cómo se llama la ciudad en la que viven los protagonistas?Springfield
96%
¿Cuál es la marca de la cerveza favorita de homero?Duff
93%
¿Quién es el payaso favorito de Bart?Krusty
92%
¿Dónde trabaja Homero principalmente?Planta Nuclear
91%
¿Qué cadena de televisión estadounidense posee y emite Los Simpson?FOX
82%
¿Cómo se llama el creador de la serie?Matt Groening
82%
¿Quién conduce el autobús escolar de Springfield?Otto Mann
80%
¿Quién es el primer novio de Lisa?Nelson
70%
¿Cuál es el segundo nombre de Homero?Jay
64%
¿Qué alimento potencialmente venenoso consume Homero en un restaurant de sushi?Pez Globo
64%
¿El presidente de qué país se queda con un billete de un trillón de dolares?Cuba
54%
¿Cómo se llama la madre de Homero?Mona
54%
Nombra uno de los dos personajes con 5 dedos en la serie.Jesús | Dios
46%
¿Cuál es el segundo nombre de Milhouse van HoutenMussolini
21%
¿Qué palabra se inventa Bart Simpson mientras juega al Scrabble con su familia?Kwyjibo
13%

Distribución de puntuación

Porcentaje por número respondido

Porcentaje de gente con cada puntuación

Historial de tus puntuaciones

No has intentado esta prueba.